Statistiken für Größte Städte in Hessen (mit Karte)

Klicken Sie hier um das Quiz zu spielen!

Allgemein

  • Dieses Quiz wurde 4.928 mal gespielt
    (2.128 seit der letzten Aktualisierung)
  • Das Durchschnittsergebnis liegt bei 16 aus 50

Antworten auf der Karte

Die Antworten werden auf der Karte rot bzw. grün angezeigt, abhängig davon wie oft sie richtig erraten wurden.
 

Antwortstatistiken

EinwohnerKreisStadt% Korrekt
759.224KreisfreiFrankfurt am Main
99%
278.950KreisfreiWiesbaden
93%
200.406KreisfreiKassel
88%
159.631KreisfreiDarmstadt
81%
131.295KreisfreiOffenbach am Main
78%
68.462FuldaFulda
69%
91.255GießenGießen
69%
98.502Main-Kinzig-KreisHanau
65%
76.571Marburg-BiedenkopfMarburg
59%
35.783Limburg-WeilburgLimburg an der Lahn
44%
52.969Lahn-Dill-KreisWetzlar
43%
66.125Groß-GerauRüsselsheim am Main
40%
54.144HochtaunuskreisBad Homburg vor der Höhe
39%
26.068Groß-GerauGroß-Gerau
33%
30.101Hersfeld-RotenburgBad Hersfeld
31%
29.674WetteraukreisFriedberg (Hessen)
30%
26.357BergstraßeHeppenheim (Bergstraße)
27%
32.777WetteraukreisBad Nauheim
26%
40.629BergstraßeBensheim
26%
38.651OffenbachLangen (Hessen)
26%
34.905WetteraukreisBad Vilbel
24%
38.532OffenbachNeu-Isenburg
24%
27.906KasselBaunatal
23%
46.660HochtaunuskreisOberursel (Taunus)
23%
26.660WetteraukreisButzbach
21%
41.811OffenbachDreieich
21%
39.704Main-Taunus-KreisHofheim am Taunus
21%
30.221Rheingau-Taunus-KreisTaunusstein
20%
23.220Main-Kinzig-KreisGelnhausen
19%
23.287Waldeck-FrankenbergKorbach
19%
45.847OffenbachRodgau
19%
23.036Main-Taunus-KreisBad Soden am Taunus
18%
34.517OffenbachDietzenbach
18%
39.287Main-Kinzig-KreisMaintal
18%
23.230Lahn-Dill-KreisDillenburg
17%
25.234Rheingau-Taunus-KreisIdstein
17%
34.641Groß-GerauMörfelden-Walldorf
17%
24.885Darmstadt-DieburgPfungstadt
17%
34.189BergstraßeViernheim
17%
32.682BergstraßeLampertheim
15%
25.942Darmstadt-DieburgWeiterstadt
15%
27.357Darmstadt-DieburgGriesheim
14%
28.040Main-Taunus-KreisHattersheim am Main
13%
28.902OffenbachMühlheim am Main
13%
25.450HochtaunuskreisFriedrichsdorf
12%
22.843WetteraukreisKarben
12%
28.913Main-Taunus-KreisKelkheim (Taunus)
12%
28.361OffenbachRödermark
12%
24.968OffenbachObertshausen
11%
23.931Groß-GerauRiedstadt
11%

Verteilung der Resultate

Perzentil nach korrekt beantworteten Fragen

Anzahl Personen mit jedem Resultat

Ihre Resultats-Entwicklung

Sie haben dieses Quiz seit der letzten Aktualisierung nicht gespielt